[Event "Titled Tuesday intern op 11th Mar Late"]
[Site "Chess.com INT"]
[Date "2025.03.11"]
[Round "7"]
[White "Murthy, Pappu LN"]
[Black "Manteiga, Franco"]
[Result "0-1"]
[WhiteElo "1838"]
[BlackElo "2019"]
[PlyCount "104"]
[EventDate "2025.03.11"]
[EventType "swiss (blitz)"]
[EventRounds "11"]
[EventCountry "USA"]
[SourceTitle "CB12_2025"]
[SourceDate "2025.03.19"]
[SourceVersion "1"]
[SourceVersionDate "2025.03.19"]
[SourceQuality "1"]

1. e4 a6 2. Nf3 c6 3. Nc3 d5 4. d4 dxe4 5. Nxe4 Nf6 6. Bd3 Nbd7 7. 0-0 Nxe4 8. Bxe4 Nf6 9. Bd3 Bg4 10. c3 e6 11. Re1 Be7 12. Bf4 0-0 13. h3 Bh5 14. a4 c5 15. dxc5 Bxc5 16. Qe2 Qb6 17. b4 Bd6 18. Be3 Qc7 19. Rac1 Rac8 20. a5 Nd5 21. Bd2 Bg6 22. Bxg6 hxg6 23. Qe4 Qc4 24. Ng5 Qxe4 25. Nxe4 Be7 26. g4 Rc4 27. g5 Rfc8 28. h4 R8c6 29. Kh2 Bd6+ 30. Nxd6 Rxd6 31. Kg3 Rdc6 32. Rc2 Nxb4 33. Rb2 Nd3 34. Rxb7 Nxe1 35. Bxe1 R6c5 36. Rb6 Rxa5 37. Rb8+ Kh7 38. f4 Ra1 39. Bd2 Ra2 40. Be1 Re2 41. Bf2 Rxc3+ 42. Kg2 Rcc2 43. h5 Rxf2+ 44. Kg3 gxh5 45. Rb7 Kg6 46. Rb6 Rg2+ 47. Kf3 Rcf2+ 48. Ke4 Re2+ 49. Kf3 Rgf2+ 50. Kg3 Ra2 51. Rd6 Rfd2 52. Rb6 Rd3+ 0-1

[Event "Titled Tuesday intern op 25th Feb Early"]
[Site "Chess.com INT"]
[Date "2025.02.25"]
[Round "11"]
[White "Hariharan, Shambavi"]
[Black "Murthy, Pappu LN"]
[Result "0-1"]
[WhiteElo "2000"]
[BlackElo "1838"]
[PlyCount "68"]
[EventDate "2025.02.25"]
[EventType "swiss (blitz)"]
[EventRounds "11"]
[EventCountry "USA"]
[SourceTitle "CB10_2025"]
[SourceDate "2025.03.05"]
[SourceVersion "1"]
[SourceVersionDate "2025.03.05"]
[SourceQuality "1"]

1. Nf3 d5 2. g3 Nf6 3. Bg2 e6 4. 0-0 Bd6 5. d3 0-0 6. Nbd2 b6 7. e4 dxe4 8. dxe4 e5 9. c3 Bb7 10. Re1 Nbd7 11. Nh4 Bc5 12. b4 Be7 13. Nf5 a5 14. bxa5 Rxa5 15. Nb3 Ra8 16. Bb2 Nc5 17. Nxc5 Bxc5 18. Qe2 g6 19. Nh6+ Kg7 20. Ng4 Re8 21. c4 Bd6 22. Kh1 Nxg4 23. Qxg4 h5 24. Qe2 Qe7 25. f4 Kh7 26. f5 Rg8 27. Rf1 h4 28. f6 Qe6 29. gxh4 Rh8 30. h5 Kg8 31. hxg6 Rh6 32. gxf7+ Kxf7 33. Qe3 Rah8 34. h3 Rxh3+ 0-1

[Event "Titled Tuesday intern op 25th Feb Early"]
[Site "Chess.com INT"]
[Date "2025.02.25"]
[Round "4"]
[White "Herrera, Juan Sebastian"]
[Black "Murthy, Pappu LN"]
[Result "1-0"]
[WhiteElo "2230"]
[BlackElo "1838"]
[PlyCount "61"]
[EventDate "2025.02.25"]
[EventType "swiss (blitz)"]
[EventRounds "11"]
[EventCountry "USA"]
[SourceTitle "CB10_2025"]
[SourceDate "2025.03.05"]
[SourceVersion "1"]
[SourceVersionDate "2025.03.05"]
[SourceQuality "1"]

1. d4 Nf6 2. c4 e6 3. Nc3 d5 4. cxd5 exd5 5. Bg5 c6 6. e3 h6 7. Bh4 Be7 8. Bd3 0-0 9. Nge2 Ne8 10. Bxe7 Qxe7 11. 0-0 Nd6 12. Ng3 Nd7 13. Qd2 Re8 14. Rae1 Nf6 15. f3 h5 16. e4 h4 17. Nh1 dxe4 18. fxe4 Ng4 19. h3 Nh6 20. Qf4 a5 21. Nf2 b5 22. Ng4 Nxg4 23. hxg4 b4 24. e5 Nb7 25. Ne4 c5 26. Ng5 Be6 27. Bh7+ Kh8 28. Be4 cxd4 29. Nxe6 fxe6 30. g5 Rab8 31. Qxh4+ 1-0

[Event "Titled Tuesday intern op 25th Feb Early"]
[Site "Chess.com INT"]
[Date "2025.02.25"]
[Round "7"]
[White "Sailer, Mike L"]
[Black "Murthy, Pappu LN"]
[Result "1-0"]
[WhiteElo "2108"]
[BlackElo "1838"]
[PlyCount "149"]
[EventDate "2025.02.25"]
[EventType "swiss (blitz)"]
[EventRounds "11"]
[EventCountry "USA"]
[SourceTitle "CB10_2025"]
[SourceDate "2025.03.05"]
[SourceVersion "1"]
[SourceVersionDate "2025.03.05"]
[SourceQuality "1"]

1. d4 d5 2. Nf3 Nf6 3. Bf4 c5 4. e3 Nc6 5. Nc3 a6 6. Be2 cxd4 7. exd4 Bf5 8. 0-0 e6 9. h3 Bd6 10. Ne5 0-0 11. Nxc6 bxc6 12. Bxd6 Qxd6 13. Na4 Nd7 14. c3 c5 15. dxc5 Nxc5 16. Nxc5 Qxc5 17. Bd3 Bxd3 18. Qxd3 a5 19. Rfc1 Rfb8 20. b3 a4 21. c4 axb3 22. axb3 Rxa1 23. Rxa1 dxc4 24. Qxc4 Qxc4 25. bxc4 g6 26. Kf1 Rb2 27. Rc1 Kf8 28. g3 Ke7 29. Kg2 Kd6 30. Kf3 Kc5 31. h4 Rb4 32. Ra1 Rb7 33. Ra4 h6 34. Kf4 f6 35. g4 e5+ 36. Ke4 Rd7 37. f3 Rd4+ 38. Ke3 Rxc4 39. Ra6 Rf4 40. Ra7 h5 41. gxh5 gxh5 42. Rh7 Rxh4 43. Rh6 Rf4 44. Rxh5 Kd5 45. Rh8 Ke6 46. Re8+ Kf5 47. Rh8 Ra4 48. Rh5+ Ke6 49. Rh8 Ra3+ 50. Kf2 Kf5 51. Kg3 Kg5 52. Rg8+ Kf5 53. Re8 Re3 54. Kf2 Kf4 55. Rh8 Rxf3+ 56. Ke2 Ke4 57. Ra8 f5 58. Ra4+ Kd5 59. Kxf3 e4+ 60. Ke3 Ke5 61. Ra5+ Kf6 62. Kf4 e3 63. Rxf5+ Kg6 64. Re5 e2 65. Re3 Kh5 66. Rxe2 Kg6 67. Re5 Kf6 68. Ke4 Kg6 69. Rf5 Kh6 70. Ke5 Kg6 71. Ke6 Kg7 72. Rg5+ Kh6 73. Kf5 Kh7 74. Kf6 Kh8 75. Kf7 1-0

[Event "Titled Tuesday intern op 11th Feb Early"]
[Site "Chess.com INT"]
[Date "2025.02.11"]
[Round "5"]
[White "Bartakke, Aditya"]
[Black "Murthy, Pappu LN"]
[Result "1-0"]
[WhiteElo "2116"]
[BlackElo "1838"]
[PlyCount "39"]
[EventDate "2025.02.11"]
[EventType "swiss (blitz)"]
[EventRounds "11"]
[EventCountry "USA"]
[SourceTitle "CB08_2025"]
[SourceDate "2025.02.19"]
[SourceVersion "1"]
[SourceVersionDate "2025.02.19"]
[SourceQuality "1"]

1. e4 c5 2. Nf3 Nc6 3. d4 cxd4 4. Nxd4 Nf6 5. Nc3 e5 6. Ndb5 d6 7. a4 a6 8. Na3 Be7 9. Bg5 Be6 10. Bxf6 Bxf6 11. Bc4 0-0 12. 0-0 Rc8 13. Nd5 Nd4 14. c3 Bxd5 15. Bxd5 Nc6 16. Nc4 b5 17. axb5 axb5 18. Nxd6 Qxd6 19. Bxf7+ Rxf7 20. Qxd6 1-0

[Event "Titled Tuesday intern op 11th Feb Early"]
[Site "Chess.com INT"]
[Date "2025.02.11"]
[Round "7"]
[White "Murthy, Pappu LN"]
[Black "Ghosh, Chanchal Kumer"]
[Result "0-1"]
[WhiteElo "1838"]
[BlackElo "2041"]
[PlyCount "66"]
[EventDate "2025.02.11"]
[EventType "swiss (blitz)"]
[EventRounds "11"]
[EventCountry "USA"]
[SourceTitle "CB09_2025"]
[SourceDate "2025.02.27"]
[SourceVersion "1"]
[SourceVersionDate "2025.02.27"]
[SourceQuality "1"]

1. d4 d5 2. c4 e6 3. Nc3 Nf6 4. Bg5 Be7 5. cxd5 exd5 6. e3 a6 7. Bd3 0-0 8. Qc2 h6 9. Bh4 b6 10. Nge2 Bb7 11. 0-0 Nbd7 12. f3 c5 13. dxc5 bxc5 14. Rad1 Ne5 15. Bf5 Qb6 16. Bxf6 Qxf6 17. Nxd5 Bxd5 18. Rxd5 c4 19. Rfd1 Rfe8 20. Kh1 Rab8 21. Nc3 g6 22. Bh3 Bf8 23. Ne4 Qh4 24. Qe2 Bg7 25. Qf1 Rxb2 26. g3 Nxf3 27. Nf2 Qf6 28. Bg2 Nxh2 29. Kxh2 Rxf2 30. Qxc4 Qf3 31. Rg1 Be5 32. Rd7 Qxg3+ 33. Kh1 Qh2# 0-1

[Event "Titled Tuesday intern op 11th Feb Early"]
[Site "Chess.com INT"]
[Date "2025.02.11"]
[Round "9"]
[White "Murthy, Pappu LN"]
[Black "Wehner, Roland"]
[Result "1-0"]
[WhiteElo "1838"]
[BlackElo "2257"]
[PlyCount "109"]
[EventDate "2025.02.11"]
[EventType "swiss (blitz)"]
[EventRounds "11"]
[EventCountry "USA"]
[SourceTitle "CB08_2025"]
[SourceDate "2025.02.19"]
[SourceVersion "1"]
[SourceVersionDate "2025.02.19"]
[SourceQuality "1"]

1. e4 e5 2. Nf3 Nc6 3. Nc3 Nf6 4. Nxe5 Nxe5 5. d4 Nc6 6. d5 Ne7 7. e5 Nfg8 8. d6 Nf5 9. Nb5 cxd6 10. exd6 Nxd6 11. Nxd6+ Bxd6 12. Qxd6 Qe7+ 13. Qxe7+ Nxe7 14. Bd3 0-0 15. 0-0 d5 16. Be3 Bf5 17. Rad1 Rfd8 18. Rd2 a6 19. Rfd1 f6 20. Bxf5 Nxf5 21. Rxd5 Rxd5 22. Rxd5 Rc8 23. c3 Nxe3 24. fxe3 Rc7 25. Kf2 Kf7 26. Kf3 Ke6 27. e4 g6 28. Ke3 h5 29. g3 b5 30. Kd4 Rc4+ 31. Kd3 Rc7 32. Rd4 h4 33. a4 hxg3 34. hxg3 Rh7 35. axb5 axb5 36. Rb4 Rh3 37. Rxb5 Rxg3+ 38. Kd4 g5 39. b4 g4 40. Rf5 Rg1 41. Ke3 Rc1 42. Kf4 Rxc3 43. Kxg4 Rc4 44. Rb5 Kd6 45. Kf3 Kc6 46. Rb8 Kc7 47. Rf8 Rxb4 48. Rxf6 Kd7 49. Kf4 Ke7 50. Kf5 Rb1 51. Re6+ Kf7 52. Ra6 Ke7 53. Ke5 Rb5+ 54. Kf4 Rh5 55. e5 1-0

[Event "Titled Tuesday intern op 04th Feb Early"]
[Site "Chess.com INT"]
[Date "2025.02.04"]
[Round "7"]
[White "Ferreira, Enzo Suzarte"]
[Black "Murthy, Pappu LN"]
[Result "0-1"]
[WhiteElo "2051"]
[BlackElo "1838"]
[PlyCount "78"]
[EventDate "2025.02.04"]
[EventType "swiss (blitz)"]
[EventRounds "11"]
[EventCountry "USA"]
[SourceTitle "CB07_2025"]
[SourceDate "2025.02.12"]
[SourceVersion "1"]
[SourceVersionDate "2025.02.12"]
[SourceQuality "1"]

1. e4 e6 2. d4 d5 3. Nd2 Nc6 4. e5 Nxd4 5. c3 Nc6 6. Ngf3 f6 7. exf6 Nxf6 8. Bb5 Bd6 9. 0-0 0-0 10. Re1 Bd7 11. Nf1 Qe8 12. Nd4 Nxd4 13. Bxd7 Qxd7 14. cxd4 Qf7 15. h3 Ne4 16. f3 Ng3 17. Be3 Nxf1 18. Rxf1 e5 19. dxe5 Bxe5 20. Bd4 Bd6 21. Rc1 Qf4 22. Kf2 Qg3+ 23. Ke2 Qxg2+ 24. Kd3 Qxh3 25. Kc2 Qf5+ 26. Qd3 c5 27. Qxf5 Rxf5 28. Be3 d4 29. Bd2 Raf8 30. Kd3 Rxf3+ 31. Rxf3 Rxf3+ 32. Kc4 b6 33. Kd5 Bf4 34. Bxf4 Rxf4 35. b4 cxb4 36. Rc7 a5 37. Ke5 Rf7 38. Rc8+ Rf8 39. Rc7 Rd8 0-1

[Event "Titled Tuesday intern op 04th Feb Early"]
[Site "Chess.com INT"]
[Date "2025.02.04"]
[Round "9"]
[White "Hehir, Michael"]
[Black "Murthy, Pappu LN"]
[Result "1-0"]
[WhiteElo "2009"]
[BlackElo "1838"]
[PlyCount "91"]
[EventDate "2025.02.04"]
[EventType "swiss (blitz)"]
[EventRounds "11"]
[EventCountry "USA"]
[SourceTitle "CB07_2025"]
[SourceDate "2025.02.12"]
[SourceVersion "1"]
[SourceVersionDate "2025.02.12"]
[SourceQuality "1"]

1. d4 Nf6 2. c4 e6 3. Nf3 d5 4. Nc3 Be7 5. Bf4 0-0 6. e3 b6 7. Rc1 Bb7 8. Be2 c5 9. 0-0 Nbd7 10. cxd5 Nxd5 11. Nxd5 Bxd5 12. Qa4 Nf6 13. Rfd1 Qd7 14. Qxd7 Nxd7 15. b3 Rfc8 16. Ba6 Rf8 17. Nd2 Nb8 18. Be2 a5 19. e4 Bb7 20. dxc5 Bxc5 21. Bf3 Na6 22. Nc4 Nb4 23. a3 Nc6 24. Bc7 Ba6 25. Nxb6 Bxb6 26. Bxb6 Ne5 27. Rc7 Nxf3+ 28. gxf3 Be2 29. Rdd7 Bxf3 30. Bc5 Rfd8 31. h4 Rxd7 32. Rxd7 Bxe4 33. Kh2 Bd5 34. b4 axb4 35. axb4 h6 36. Kg3 Ra3+ 37. Kf4 Rf3+ 38. Ke5 Kh7 39. b5 Rb3 40. b6 Rb5 41. Kd6 Kg6 42. Bd4 f6 43. Kc7 h5 44. Rxd5 exd5 45. b7 Kf5 46. Bb6 1-0

[Event "Titled Tuesday intern op 04th Feb Early"]
[Site "Chess.com INT"]
[Date "2025.02.04"]
[Round "3"]
[White "Murthy, Pappu LN"]
[Black "Salimova, Asal"]
[Result "0-1"]
[WhiteElo "1838"]
[BlackElo "2050"]
[PlyCount "78"]
[EventDate "2025.02.04"]
[EventType "swiss (blitz)"]
[EventRounds "11"]
[EventCountry "USA"]
[SourceTitle "CB07_2025"]
[SourceDate "2025.02.12"]
[SourceVersion "1"]
[SourceVersionDate "2025.02.12"]
[SourceQuality "1"]

1. e4 c6 2. d4 d5 3. e5 Bf5 4. h4 h6 5. g4 Bh7 6. e6 fxe6 7. Bd3 Nf6 8. Bxh7 Rxh7 9. Qd3 Qb6 10. Qg6+ Kd8 11. Nf3 Nbd7 12. 0-0 Rh8 13. Re1 c5 14. c3 Ne4 15. Nbd2 e5 16. Qf7 exd4 17. Nxe4 dxe4 18. Rxe4 Qf6 19. Qxf6 exf6 20. cxd4 Bd6 21. b3 Kc7 22. Bb2 Rhe8 23. Rxe8 Rxe8 24. Rc1 b6 25. dxc5 bxc5 26. Nd4 Bf4 27. Rc2 Kb6 28. Nf5 g6 29. Ng3 Bxg3 30. fxg3 Re4 31. Kg2 Rxg4 32. Re2 Kc6 33. Re6+ Kd5 34. Re7 Ne5 35. Rxa7 Re4 36. Ra6 Re2+ 37. Kh3 Rxb2 38. Rxf6 h5 39. Ra6 Ng4 0-1

[Event "Titled Tuesday intern op 04th Feb Early"]
[Site "Chess.com INT"]
[Date "2025.02.04"]
[Round "8"]
[White "Murthy, Pappu LN"]
[Black "Sharifov, Mekhriddin"]
[Result "0-1"]
[WhiteElo "1838"]
[BlackElo "2267"]
[PlyCount "112"]
[EventDate "2025.02.04"]
[EventType "swiss (blitz)"]
[EventRounds "11"]
[EventCountry "USA"]
[SourceTitle "CB07_2025"]
[SourceDate "2025.02.12"]
[SourceVersion "1"]
[SourceVersionDate "2025.02.12"]
[SourceQuality "1"]

1. e4 c6 2. d4 d5 3. e5 c5 4. dxc5 e6 5. a3 Bxc5 6. b4 Bb6 7. Bb2 Ne7 8. Nf3 Nbc6 9. Bd3 Ng6 10. Qe2 Nf4 11. Qf1 Bc7 12. Bb5 Bd7 13. Bxc6 Bxc6 14. g3 Ng6 15. Nbd2 0-0 16. Qe2 d4 17. 0-0-0 Rc8 18. h4 d3 19. cxd3 Bxe5 20. Kb1 Bxb2 21. Kxb2 Qf6+ 22. Kb1 Qc3 23. h5 Qxa3 24. hxg6 Qxb4+ 25. Ka1 Qa3+ 26. Kb1 Bd5 27. Nc4 Qb3+ 28. Qb2 Qxb2+ 29. Nxb2 Bxf3 30. gxh7+ Kh8 31. Rc1 Bxh1 32. Rxh1 b5 33. Nd1 Rfd8 34. Ne3 Rxd3 35. Ng4 f6 36. Re1 Kxh7 37. Nh2 e5 38. Ng4 Rd2 39. f4 exf4 40. gxf4 Rcc2 41. Rh1+ Kg6 42. Ne3 Rb2+ 43. Kc1 Re2 44. Rg1+ Kf7 45. Nd5 Ra2 46. Nc3 Ra1+ 47. Nb1 a5 48. Rd1 a4 49. Rd7+ Ke6 50. Rb7 a3 51. Rxb5 a2 52. Rb6+ Kf5 53. Rb5+ Kg4 54. Rb4 Rxb1+ 55. Rxb1 Re1+ 56. Kc2 axb1Q+ 0-1

[Event "Titled Tuesday intern op 04th Feb Early"]
[Site "Chess.com INT"]
[Date "2025.02.04"]
[Round "11"]
[White "Murthy, Pappu LN"]
[Black "Sobek, Jaroslav"]
[Result "0-1"]
[WhiteElo "1838"]
[BlackElo "2198"]
[PlyCount "58"]
[EventDate "2025.02.04"]
[EventType "swiss (blitz)"]
[EventRounds "11"]
[EventCountry "USA"]
[SourceTitle "CB07_2025"]
[SourceDate "2025.02.12"]
[SourceVersion "1"]
[SourceVersionDate "2025.02.12"]
[SourceQuality "1"]

1. e4 c5 2. Nf3 d6 3. d4 cxd4 4. Nxd4 Nf6 5. Nc3 a6 6. Bc4 e6 7. Be3 b5 8. Bb3 Be7 9. a3 0-0 10. g4 Bb7 11. f3 Nc6 12. g5 Nd7 13. h4 Nc5 14. g6 Nxd4 15. gxh7+ Kh8 16. Bxd4 Nxb3 17. cxb3 Bxh4+ 18. Kf1 Bf6 19. Be3 d5 20. exd5 exd5 21. Bd4 Re8 22. Qd3 Qd6 23. b4 Rad8 24. Rd1 Qf4 25. Bxf6 Qxf6 26. Qd4 Qxf3+ 27. Kg1 Re6 28. Rd2 Rg6+ 29. Kh2 Qg3# 0-1

[Event "Titled Tuesday intern op 28th Jan Early"]
[Site "Chess.com INT"]
[Date "2025.01.28"]
[Round "11"]
[White "Briscoe, Christopher"]
[Black "Murthy, Pappu LN"]
[Result "1-0"]
[WhiteElo "2182"]
[BlackElo "1838"]
[PlyCount "45"]
[EventDate "2025.01.28"]
[EventType "swiss (blitz)"]
[EventRounds "11"]
[EventCountry "USA"]
[SourceTitle "CB06_2025"]
[SourceDate "2025.02.05"]
[SourceVersion "1"]
[SourceVersionDate "2025.02.05"]
[SourceQuality "1"]

1. h4 d5 2. d4 c6 3. Nc3 h6 4. e4 dxe4 5. Nxe4 Bf5 6. Bd3 Bxe4 7. Bxe4 e6 8. Ne2 Nf6 9. Bf3 Nbd7 10. Bf4 Be7 11. Qd2 a5 12. 0-0-0 Qb6 13. a3 Nd5 14. Bxd5 cxd5 15. Nc3 Nf6 16. f3 Rc8 17. g4 Nd7 18. g5 h5 19. g6 f6 20. Rhe1 Rc4 21. Qe3 Rc6 22. Nxd5 exd5 23. Qxe7# 1-0

[Event "Titled Tuesday intern op 28th Jan Early"]
[Site "Chess.com INT"]
[Date "2025.01.28"]
[Round "7"]
[White "Murthy, Pappu LN"]
[Black "Hiwale, Ronak"]
[Result "0-1"]
[WhiteElo "1838"]
[BlackElo "2093"]
[PlyCount "54"]
[EventDate "2025.01.28"]
[EventType "swiss (blitz)"]
[EventRounds "11"]
[EventCountry "USA"]
[SourceTitle "CB06_2025"]
[SourceDate "2025.02.05"]
[SourceVersion "1"]
[SourceVersionDate "2025.02.05"]
[SourceQuality "1"]

1. e4 g6 2. d4 Bg7 3. Nc3 d6 4. Nf3 Nf6 5. Be2 0-0 6. 0-0 Nc6 7. Be3 e5 8. d5 Ne7 9. h3 Ne8 10. a4 f5 11. exf5 gxf5 12. Bg5 h6 13. Bxe7 Qxe7 14. a5 e4 15. Nd4 Qf6 16. Ncb5 a6 17. Na3 Qxd4 18. c3 Qf6 19. Nc4 Qg5 20. f4 exf3 21. Bxf3 f4 22. Kh1 Bf5 23. Qb3 Nf6 24. Qxb7 Ne4 25. Qxc7 Ng3+ 26. Kg1 Nxf1 27. Kxf1 Rac8 0-1

[Event "Titled Tuesday intern op 28th Jan Early"]
[Site "Chess.com INT"]
[Date "2025.01.28"]
[Round "4"]
[White "Murthy, Pappu LN"]
[Black "Korol, Dimitry"]
[Result "0-1"]
[WhiteElo "1838"]
[BlackElo "2287"]
[PlyCount "44"]
[EventDate "2025.01.28"]
[EventType "swiss (blitz)"]
[EventRounds "11"]
[EventCountry "USA"]
[SourceTitle "CB06_2025"]
[SourceDate "2025.02.05"]
[SourceVersion "1"]
[SourceVersionDate "2025.02.05"]
[SourceQuality "1"]

1. e4 c5 2. Nf3 d6 3. d4 cxd4 4. Nxd4 Nf6 5. Nc3 g6 6. Be3 Bg7 7. f3 0-0 8. Bc4 Nc6 9. Qe2 Bd7 10. 0-0-0 Qa5 11. h4 Rfc8 12. Bb3 Ne5 13. Kb1 h5 14. g4 hxg4 15. f4 Nf3 16. Nxf3 gxf3 17. Qxf3 Bg4 18. Qg3 Bxd1 19. Qxg6 Bh5 20. Qg3 Rxc3 21. bxc3 Qxc3 22. Rg1 Ng4 0-1

[Event "Titled Tuesday intern op 28th Jan Early"]
[Site "Chess.com INT"]
[Date "2025.01.28"]
[Round "6"]
[White "Neustroev, Victor"]
[Black "Murthy, Pappu LN"]
[Result "1-0"]
[WhiteElo "2283"]
[BlackElo "1838"]
[PlyCount "33"]
[EventDate "2025.01.28"]
[EventType "swiss (blitz)"]
[EventRounds "11"]
[EventCountry "USA"]
[SourceTitle "CB06_2025"]
[SourceDate "2025.02.05"]
[SourceVersion "1"]
[SourceVersionDate "2025.02.05"]
[SourceQuality "1"]

1. e4 e6 2. d4 d5 3. Nc3 Bb4 4. e5 Ne7 5. Qg4 Kf8 6. a3 Bxc3+ 7. bxc3 c5 8. Ne2 Qa5 9. Bd2 Qa4 10. Ra2 Nbc6 11. h4 Nxe5 12. Qg3 N5c6 13. h5 h6 14. Qd6 cxd4 15. Nxd4 b6 16. Bb5 Qa5 17. c4 1-0

[Event "Titled Tuesday intern op 28th Jan Early"]
[Site "Chess.com INT"]
[Date "2025.01.28"]
[Round "9"]
[White "Rodrigues, Adriano Pfuhl"]
[Black "Murthy, Pappu LN"]
[Result "1-0"]
[WhiteElo "2295"]
[BlackElo "1838"]
[PlyCount "89"]
[EventDate "2025.01.28"]
[EventType "swiss (blitz)"]
[EventRounds "11"]
[EventCountry "USA"]
[SourceTitle "CB06_2025"]
[SourceDate "2025.02.05"]
[SourceVersion "1"]
[SourceVersionDate "2025.02.05"]
[SourceQuality "1"]

1. e4 e6 2. d3 d5 3. Nd2 c5 4. Ngf3 Nc6 5. g3 Bd6 6. Bg2 Nge7 7. 0-0 0-0 8. Nh4 d4 9. f4 f6 10. f5 exf5 11. exf5 Rb8 12. Ne4 g5 13. fxg6 Nxg6 14. Qh5 Nxh4 15. Qxh4 Be7 16. Qh5 f5 17. Ng5 Bxg5 18. Bxg5 Qd6 19. Bf4 Qf6 20. Bxc6 Ra8 21. Bd5+ Be6 22. Bxe6+ Qxe6 23. Rae1 Qf6 24. Be5 Qg6 25. Qxg6+ hxg6 26. Bd6 Rfc8 27. Re7 a5 28. g4 Ra6 29. Bg3 Rf6 30. gxf5 g5 31. Re6 Rcf8 32. Rxf6 Rxf6 33. Be5 Rb6 34. b3 a4 35. Kg2 axb3 36. axb3 Ra6 37. Kg3 Ra2 38. Rf2 b5 39. Kg4 c4 40. bxc4 bxc4 41. dxc4 d3 42. Bc3 Rxc2 43. Rxc2 dxc2 44. Bd2 Kf7 45. Kxg5 1-0

[Event "Titled Tuesday intern op 24th Sep Early"]
[Site "Chess.com INT"]
[Date "2024.09.24"]
[Round "2"]
[White "Charvi, A."]
[Black "Murthy, Pappu LN"]
[Result "1-0"]
[WhiteElo "1944"]
[BlackElo "1838"]
[PlyCount "101"]
[EventDate "2024.09.24"]
[EventType "swiss (blitz)"]
[EventRounds "11"]
[EventCountry "USA"]
[SourceTitle "EXT 2025"]
[Source "ChessBase"]
[SourceDate "2024.10.14"]
[SourceVersion "1"]
[SourceVersionDate "2024.10.14"]
[SourceQuality "1"]

1. e4 e6 2. d4 d5 3. Nd2 Nc6 4. c3 Nf6 5. e5 Nd7 6. f4 f6 7. Ngf3 Be7 8. Bd3 0-0 9. 0-0 f5 10. Qe1 Kh8 11. Qg3 Qe8 12. b4 Nb6 13. a4 a5 14. b5 Nd8 15. Ba3 Nf7 16. Bxe7 Qxe7 17. c4 dxc4 18. Nxc4 Nd5 19. Rae1 Rg8 20. h4 Bd7 21. Ne3 c6 22. Nxd5 cxd5 23. Ng5 b6 24. h5 h6 25. Nf3 Rac8 26. Nh4 Kh7 27. Qg6+ Kh8 28. Qg4 Kh7 29. Rf3 Nh8 30. Qh3 g5 31. hxg6+ Nxg6 32. Nxg6 Rxg6 33. g4 Rcg8 34. g5 Kg7 35. Rg3 hxg5 36. fxg5 Rxg5 37. Rxg5+ Qxg5+ 38. Qg2 Kf7 39. Qxg5 Rxg5+ 40. Kf2 Rg4 41. Ke3 Kg6 42. Rc1 Kh5 43. Rc7 f4+ 44. Ke2 Rg2+ 45. Kf1 Rg7 46. Be2+ Kh4 47. Kf2 Kg5 48. Rb7 Kf5 49. Bf3 Rh7 50. Rxb6 Rh2+ 51. Kg1 1-0

[Event "Titled Tuesday intern op 24th Sep Early"]
[Site "Chess.com INT"]
[Date "2024.09.24"]
[Round "8"]
[White "Jimenez Salas, Maria Teresa"]
[Black "Murthy, Pappu LN"]
[Result "1-0"]
[WhiteElo "1995"]
[BlackElo "1838"]
[PlyCount "57"]
[EventDate "2024.09.24"]
[EventType "swiss (blitz)"]
[EventRounds "11"]
[EventCountry "USA"]
[SourceTitle "EXT 2025"]
[Source "ChessBase"]
[SourceDate "2024.10.14"]
[SourceVersion "1"]
[SourceVersionDate "2024.10.14"]
[SourceQuality "1"]

1. e4 e6 2. d4 d5 3. Nc3 Bb4 4. e5 Ne7 5. Qg4 Kf8 6. Bd2 Bxc3 7. Bxc3 b6 8. 0-0-0 Ba6 9. Bxa6 Nxa6 10. Qe2 Qc8 11. f4 c5 12. Nf3 Nf5 13. g4 Nxd4 14. Nxd4 cxd4 15. Bxd4 Nb4 16. Kb1 Qc4 17. Qxc4 dxc4 18. Bc3 a5 19. Rd7 Nd5 20. f5 Nxc3+ 21. bxc3 exf5 22. gxf5 Ke8 23. Rhd1 Rb8 24. e6 fxe6 25. fxe6 Rg8 26. Rc7 Rd8 27. Rf1 Rf8 28. Rxf8+ Kxf8 29. e7+ 1-0

[Event "Titled Tuesday intern op 24th Sep Early"]
[Site "Chess.com INT"]
[Date "2024.09.24"]
[Round "5"]
[White "Murthy, Pappu LN"]
[Black "Buscar, Michael"]
[Result "0-1"]
[WhiteElo "1838"]
[BlackElo "2016"]
[PlyCount "42"]
[EventDate "2024.09.24"]
[EventType "swiss (blitz)"]
[EventRounds "11"]
[EventCountry "USA"]
[SourceTitle "EXT 2025"]
[Source "ChessBase"]
[SourceDate "2024.10.14"]
[SourceVersion "1"]
[SourceVersionDate "2024.10.14"]
[SourceQuality "1"]

1. e4 c5 2. Nf3 Nc6 3. d4 cxd4 4. Nxd4 Nf6 5. Nc3 e5 6. Ndb5 h6 7. Nd5 Nxd5 8. exd5 a6 9. dxc6 axb5 10. cxd7+ Bxd7 11. Bd3 Bc5 12. 0-0 0-0 13. Kh1 Bc6 14. Qg4 Ra4 15. Qf5 g6 16. Qh3 Rh4 17. Qg3 e4 18. Be2 Bd6 19. Qb3 Bxh2 20. Be3 Bg3+ 21. Kg1 Rh1+ 0-1

[Event "Titled Tuesday intern op 24th Sep Early"]
[Site "Chess.com INT"]
[Date "2024.09.24"]
[Round "6"]
[White "Murthy, Pappu LN"]
[Black "Cuevas Araya, Walter"]
[Result "0-1"]
[WhiteElo "1838"]
[BlackElo "2041"]
[PlyCount "54"]
[EventDate "2024.09.24"]
[EventType "swiss (blitz)"]
[EventRounds "11"]
[EventCountry "USA"]
[SourceTitle "EXT 2025"]
[Source "ChessBase"]
[SourceDate "2024.10.14"]
[SourceVersion "1"]
[SourceVersionDate "2024.10.14"]
[SourceQuality "1"]

1. e4 e5 2. Nf3 Nf6 3. Nc3 Nc6 4. Nxe5 Nxe5 5. d4 Ng6 6. e5 Ng8 7. Bc4 d5 8. Bxd5 c6 9. Bb3 Bb4 10. Qf3 Be6 11. 0-0 Bxc3 12. bxc3 Bd5 13. Qe2 Bxb3 14. axb3 N8e7 15. f4 Nd5 16. c4 Nc3 17. Qe3 Qxd4 18. Kh1 Qxe3 19. Bxe3 Ne4 20. Bxa7 f5 21. b4 0-0 22. b5 cxb5 23. cxb5 Rfc8 24. b6 Rxc2 25. Rac1 Rac8 26. Rxc2 Rxc2 27. h3 Ng3+ 0-1

[Event "Titled Tuesday intern op 24th Sep Early"]
[Site "Chess.com INT"]
[Date "2024.09.24"]
[Round "7"]
[White "Schut, Han"]
[Black "Murthy, Pappu LN"]
[Result "1-0"]
[WhiteElo "2087"]
[BlackElo "1838"]
[PlyCount "79"]
[EventDate "2024.09.24"]
[EventType "swiss (blitz)"]
[EventRounds "11"]
[EventCountry "USA"]
[SourceTitle "EXT 2025"]
[Source "ChessBase"]
[SourceDate "2024.10.14"]
[SourceVersion "1"]
[SourceVersionDate "2024.10.14"]
[SourceQuality "1"]

1. e4 e6 2. d4 d5 3. e5 c5 4. c3 Nc6 5. Nf3 Qb6 6. Bd3 cxd4 7. 0-0 Bd7 8. Re1 Rc8 9. a3 a5 10. h4 h6 11. h5 Nge7 12. Qe2 a4 13. Nbd2 dxc3 14. bxc3 Nf5 15. Rb1 Qa7 16. Bxf5 exf5 17. c4 Be6 18. Bb2 d4 19. Qd3 Bc5 20. Nh4 Ne7 21. Ndf3 Rd8 22. Rbd1 0-0 23. Bxd4 Bxd4 24. Nxd4 Nc6 25. Nhf3 Nxd4 26. Nxd4 Qc5 27. Nxe6 fxe6 28. Qc3 Rc8 29. Rc1 b5 30. Red1 bxc4 31. Rd6 Rfe8 32. Rcd1 Rb8 33. Rd7 Rb3 34. Qd2 c3 35. Qd3 c2 36. Qd2 cxd1Q+ 37. Qxd1 Rc3 38. Kh2 Rc2 39. Qf3 Qxf2 40. Qb7 1-0